Statistics for Dream Day Quiz

Click here to take the quiz!

General Stats

  • This quiz has been taken 10,587 times
  • The average score is 11 of 16

Answer Stats

HintAnswer% Correct
Civil rights leader who said "I have a dream"Martin Luther King, Jr.
99%
Brand of doll whose dreamhouse you can buy for about $200Barbie
88%
Animation company whose logo features a boy fishing while
sitting on a crescent moon
DreamWorks
87%
Fill in the song lyrics: "_____ dreams are made of this. Who am I to disagree?"Sweet
84%
Author of "A Midsummer Night's Dream"William Shakespeare
81%
What REM stands for, in terms of dreamingRapid Eye Movement
77%
1992 group which included Michael Jordan and Magic JohnsonDream Team
72%
Elm Street villain who attacks children in their sleepFreddy Krueger
70%
Movie starring Leonardo DiCaprio about going inside a dreamInception
69%
Type of dream where you know you are dreaming{Lucid} Dream
67%
In Scandinavian folklore, he sprinkles dust onto children's eyes to bring
them pleasant dreams
Sandman
63%
Band that recorded "Boulevard of Broken Dreams"Green Day
62%
Baseball movie starring Kevin Costner. "If you build it, he will come".Field of Dreams
57%
Video game that made a Youtuber named "Dream" famousMinecraft
56%
Singer who recorded "Teenage Dream"Katy Perry
54%
Author of the 1899 book "The Interpretation of Dreams"Sigmund Freud
54%

Score Distribution

Percentile by Number Answered

Percent of People with Each Score

Your Score History

You have not taken this quiz